00426nam a22001217a 4500008004100000020001500041050001800056245011300074260004300187300002200230440002600252800002600278140903b xxu||||| |||| 00| 0 eng d a0406090181 aKD275.4.bL39 aThe Law reports:bCases determined by the court for crown cases reserved.cEdited by: James Redfoord Bulwer. aLondon:bButterworth & Co Ltd.,c1872. aVi, 179p.:c24cm. pCrown Cases reserved. aBulwerJames Redfoord